00454nam a22001577a 4500003000600000005001700006008004100023040000800064082001300072100001600085245006000101260005100161300002000212650002800232650003600260GBCCL20241126110549.0180405b ||||| |||| 00| 0 eng d cgbc a252bSIM aSimon, Paul aGod means what He says and other writings /cPaul Simon aMississippi:bJ. C. Choate Publications,c1973 a210 p.;c17 cm. aChristian lifevSermons aSermonsvAmericany20th Century